|
|
|
|
| LEADER |
01030nam a2200241 i 4500 |
| 001 |
10039618 |
| 003 |
GR-PaULI |
| 005 |
20240827133006.0 |
| 008 |
191017s2004 gw a g c dgre d |
| 952 |
|
|
|0 0
|1 0
|2 ddc
|4 0
|6 759_949000000000000_2_GOG
|7 0
|9 236205
|a THST
|b THST
|d 2019-10-17
|i 007380
|l 0
|o 759.949 2 GOG
|p 025000264477
|r 2019-10-17 00:00:00
|t 1
|v 2019.00
|w 2019-10-17
|y BK15
|
| 999 |
|
|
|c 143018
|d 143018
|
| 020 |
|
|
|a 9602356928
|
| 040 |
|
|
|a GR-PaULI
|c GR-PaULI
|b gre
|e AACR2
|
| 082 |
0 |
4 |
|a 759.949 2
|2 23
|
| 100 |
1 |
|
|a Walther, Ingo F.
|9 28149
|e συγγραφέας
|
| 245 |
1 |
0 |
|a Βίνσεντ Βαν Γκόγκ, 1853-1890 :
|b όραμα και πραγματικότητα /
|c Ingo F. Walther.
|
| 260 |
|
|
|a Koln ;
|a Αθήνα :
|b Taschen ;
|b Γνώση,
|c 2004.
|
| 300 |
|
|
|a 96 σ. :
|b εικ. ;
|c 23 εκ.
|
| 600 |
1 |
0 |
|a Gogh, Vincent van,
|d 1853-1890
|9 59566
|
| 650 |
|
4 |
|a Ζωγράφοι, Ολλανδοί
|9 178435
|y 19ος αιώνας.
|
| 650 |
|
4 |
|a Καλλιτέχνες, Ολλανδοί.
|9 59567
|
| 942 |
|
|
|2 ddc
|c BK15
|
| 998 |
|
|
|c MANIA
|d 2019-10
|